| 000 | 00463nam a2200121Ia 4500 | ||
|---|---|---|---|
| 008 | 160712s9999 xx 000 0 und d | ||
| 100 | _aAkpomera, Eddy. | ||
| 245 |
_cEddy Akpomera, _aLegitimacy Crisis and Elite Conspiracy in Local Government Administration in Nigeria |
||
| 260 |
_c2014 _bSocial Science Diliman |
||
| 300 | _avol. 10 no. 2 | ||
| 650 | _xSOCIAL SCIENCE | ||
| 856 | _uhttp://journals.upd.edu.ph/index.php/socialsciencediliman/issue/view/459/showToc | ||
| 999 |
_c297229 _d297229 |
||